Szczegóły MARC21

Grupy i więzi społeczne w systemie monocentrycznym : praca zbiorowa /

003 -Nazwa inst., której nr kontr. jest w polu 001 [,]
    • @
    • Nazwa instytucji, której n kontrolny jest w polu 001
    • NUKAT
005 -DATA I CZAS OSTATNIEJ MODYFIKACJI [,]
    • @
    • pole kontrolne
    • 20241231090313.0
020 -Międzynarod. znormalizowany nr książki - ISBN [ , ]
    • a
    • Numer ISBN
    • 8385194029 Find
040 -Instytucja sporządzająca opis [ , ]
    • a
    • Instytucja, która sporządziła opis (NP)
    • LUBL M/mm
    • c
    • Instytucja, która sporządziła rekord (NP)
    • LUBL M/mm
    • d
    • Instytucja, która zmodyfikowała rekord (P)
    • LUBL M/JD
    • d
    • Instytucja, która zmodyfikowała rekord (P)
    • KR PAU/KWs
    • d
    • Instytucja, która zmodyfikowała rekord (P)
    • WA 004/ZW
942 -Rodzaj dokumentu [ , ]
    • c
    • Rodzaj dokumentu
    • Książka
245 -Strefa tytułu i oznaczenia odpowiedzialności [0,0]
    • a
    • Tytuł
    • Grupy i więzi społeczne w systemie monocentrycznym : Find
    • b
    • Ciąg dalszy tytułu (NP)
    • praca zbiorowa / Find
    • c
    • Pozostałe elementy strefy tytułu i oznaczenia odpowiedzialności (NP)
    • pod red. Edmunda Wnuk-Lipińskiego ; Polska Akademia Nauk. Instytut Filozofii i Socjologii.
260 -Strefa adresu wydawniczego [ , ]
    • a
    • Miejsce wydania (P)
    • Warszawa :
    • b
    • Nazwa wydawcy (P)
    • IFiS PAN,
    • c
    • Data wydania (P)
    • 1990.
300 -Strefa opisu fizycznego [ , ]
    • a
    • Określenie formy książki i/lub objętość (NP)
    • 240 s. ;
    • c
    • Format (NP)
    • 21 cm.
336 -Typ zawartości [ , ]
    • a
    • Termin opisujący typ zawartości
    • Tekst
    • b
    • Kod określający zawartość
    • txt
    • 2
    • Źródło (terminu i kodu)
    • rdacontent
337 -Typ mediów [ , ]
    • a
    • Tryb odtwarzania
    • Bez urządzenia pośredniczącego
    • b
    • Kod typu mediów
    • n
    • 2
    • Źródło (terminu i kodu)
    • rdamedia
338 -Typ/rodzaj nośnika [ , ]
    • a
    • Hasło opisujące typ nośnika
    • Wolumin
    • b
    • Kod typu nośnika
    • nc
    • 2
    • Źródło (terminu i kodu)
    • rdacarrier
504 -Uwaga dot. bibliogr. załącznikowej [ , ]
    • a
    • Uwaga dot. bibliografii załącznikowej
    • Bibliogr. przy rozdz.
080 -Uniwersalna Klasyfikacja Dziesiętna [ , ]
    • a
    • Symbol klasyfikacji
    • 316.35(438)"19"
080 -Uniwersalna Klasyfikacja Dziesiętna [ , ]
    • a
    • Symbol klasyfikacji
    • :316.45(438)"19"
080 -Uniwersalna Klasyfikacja Dziesiętna [ , ]
    • a
    • Symbol klasyfikacji
    • :316.64(438)"19"
650 -Hasło przedmiotowe [ ,7]
    • a
    • Hasło przedmiotowe
    • Więzi społeczne
    • z
    • Określnik geograficzny
    • Polska
    • y
    • Określnik chronologiczny
    • 1970-2000.
    • 2
    • Źródło terminu
    • kaba
    • 9
    • KHW
    • 537653
650 -Hasło przedmiotowe [ ,7]
    • a
    • Hasło przedmiotowe
    • Jednostka i społeczeństwo
    • z
    • Określnik geograficzny
    • Polska
    • y
    • Określnik chronologiczny
    • 1970-2000.
    • 2
    • Źródło terminu
    • kaba
    • 9
    • KHW
    • 537652
651 -Hasło przedmiotowe w formie nazwy geograficznej [ ,7]
    • a
    • Nazwa geograficzna
    • Polska
    • x
    • Określnik rzeczowy
    • sytuacja społeczna
    • y
    • Określnik chronologiczny
    • 1980-1989.
    • 2
    • Źródło terminu
    • kaba
    • 9
    • KHW
    • 167974
980 -Symbol UKD [ , ]
    • a
    • UKD
    • 316.35:316.45:316.64](438)"19"
700 -Hasło dodatkowe - nazwa osobowa [1, ]
    • a
    • Nazwa osobowa (NP)
    • Wnuk-Lipiński, Edmund Find
    • d
    • Daty biograficzne (NP)
    • (1944-2015).
    • e
    • Określenie rodzaju współpracy
    • Red.
    • 9
    • KHW
    • 82247
710 -Hasło dodatkowe - nazwa ciała zbiorowego [2, ]
    • a
    • Nazwa ciała zbiorowego lub nazwa geograficzna jako pierwszy element (NP)
    • Polska Akademia Nauk.
    • b
    • Nazwa jednostki podrzędnej (P)
    • Instytut Filozofii i Socjologii.
    • 4
    • Kod relacji
    • pbl
    • 9
    • KHW
    • 10682
920 -ISBN [ , ]
    • a
    • ISBN
    • 83-85194-02-9 Find
Numer inwentarzowy Status udost. Lokalizacja Data inwentaryzacji
Pd.72791BG2005-01-06
F.223421BNS2005-01-06
F.23652-3BNS2005-01-06